| 000 | 00669cam a2200205 a 4500 | ||
|---|---|---|---|
| 001 | 000022183 | ||
| 005 | 20200930011623.0 | ||
| 008 | 100917s1993 mx a 000 0 spa d | ||
| 020 | _a9682948282 | ||
| 020 | _a9700504441 | ||
| 040 |
_aDO-SdBNP _bspa _cBNPHU |
||
| 082 |
_ann* _bnn* |
||
| 100 | 1 |
_aFlores Galindo, Alberto. _945899 |
|
| 245 | 1 | 0 |
_aBuscando un inca : _bidentidad y utopia en los Andes / _cAlberto Flores Galindo. |
| 260 |
_aMéxico, D. F. : _bConsejo Nacional para la Cultura y las Artes ; _bGrijalbo, _c1993. |
||
| 300 |
_a433 p. : _bil. ; _c21 cm. |
||
| 490 | 1 | _aClaves de América Latina | |
| 830 | 0 |
_aClaves de América Latina _932587 |
|
| 049 | _aBNGR | ||
| 999 |
_c21681 _d21681 |
||